01218nam a2200193 a 450000100060000000300090000600800410001502000150005604000280007108200160009910000530011524500390016826000300020730000110023750506860024865000310093465000380096565000210100318348CO-ViMGA141112s2004 ck r 000 u spa d a9706861084 aCO-ViMGAbspacCO-ViMGA04a658.3 B645a1 aBohlander, George; Snell, Scott; Sherman, Arthur10aAdministracion de recursos humanos aMexico, cThomson, c2001 a707.p. aEl desafío de la administración de recursos humanos Igualdad de oportunidades en el empleo y administración de los recursos humanos Requerimientos del puesto y diseño de las organizaciones para lograr la productividad de los recursos humanos Planeación y reclutamiento Selección Capacitación y desarrollo Desarrollo profesional Evaluar y mejorar el desempeño Administración de la compensación Recompensa de incentivos Prestaciones de los empleados Seguridad e higiene Derechos y disciplinas laborales Negociación colectiva y administración del contrato Administración Internacional de recursos humanos Creación de sistemas de trabajo de alto desempeño14aADMINISTRACION DE PERSONAL14aPLANIFICACION DE RECURSOS HUMANOS14aRECURSOS HUMANOS